Các bài toán cơ bản của tối ưu hóa và điều khiển tối ưu : Cơ sở lý thuyết, giải các bài toán theo phương pháp số, thí dụ giải bằng Matlab, Maple

Cơ sở lý thuyết được trình ngắn gọn, phương pháp tính và thuật toán, các thí dụ, minh họa cho phương pháp, các bài tập để trả lời. Phần phụ lục bao gồm các thí dụ được giải bằng Matlab và Maple....

সম্পূর্ণ বিবরণ

সংরক্ষণ করুন:
গ্রন্থ-পঞ্জীর বিবরন
প্রধান লেখক: Nguyễn, Nhật Lệ
বিন্যাস: গ্রন্থ
ভাষা:Undetermined
প্রকাশিত: Hà Nội Khoa học và Kỹ thuật 2009
বিষয়গুলি:
ট্যাগগুলো: ট্যাগ যুক্ত করুন
কোনো ট্যাগ নেই, প্রথমজন হিসাবে ট্যাগ করুন!
Thư viện lưu trữ: Trung tâm Học liệu Trường Đại học Cần Thơ
LEADER 01098nam a2200217Ia 4500
001 CTU_148826
008 210402s9999 xx 000 0 und d
020 |c 70000 
082 |a 519.3 
082 |b L250 
100 |a Nguyễn, Nhật Lệ 
245 0 |a Các bài toán cơ bản của tối ưu hóa và điều khiển tối ưu : 
245 0 |b Cơ sở lý thuyết, giải các bài toán theo phương pháp số, thí dụ giải bằng Matlab, Maple 
245 0 |c Nguyễn Nhật Lệ 
260 |a Hà Nội 
260 |b Khoa học và Kỹ thuật 
260 |c 2009 
520 |a Cơ sở lý thuyết được trình ngắn gọn, phương pháp tính và thuật toán, các thí dụ, minh họa cho phương pháp, các bài tập để trả lời. Phần phụ lục bao gồm các thí dụ được giải bằng Matlab và Maple. 
650 |a Mathematical optimization,Toán học tối ưu 
904 |i QHieu 
980 |a Trung tâm Học liệu Trường Đại học Cần Thơ